[Event "Xtracon Open 2019"]
[Site "Helsingor"]
[Date "2019.07.25"]
[Round "7.1"]
[White "Krabbenhoft, Soren"]
[Black "Rendlev, Niels Moller"]
[Result "0-1"]
[WhiteElo "1456"]
[BlackElo "1721"]
[Annotator "NA"]
[PlyCount "74"]
[EventDate "2019.07.19"]
[EventType "swiss"]
[EventCountry "DEN"]
[SourceTitle "playchess.com"]
[Source "ChessBase"]
[SourceQuality "1"]

1. d4 f5 2. c4 g6 3. Nc3 Nf6 4. g3 d6 5. Bg2 Nc6 6. Nf3 Bg7 7. O-O O-O 8. e3 e5 9. dxe5 dxe5 10. b3 e4 11. Nd4 Ne5 12. Na4 Qe7 13. Qc2 c5 14. Ne2 Nf3+ 15. Bxf3 exf3 16. Nf4 g5 17. Nd3 b6 18. Bb2 Ne4 19. Nc3 Qf7 20. Rad1 Qh5 21. Ne1 Bb7 22. Nd5 Bxb2 23. Qxb2 Rad8 24. Qe5 Bxd5 25. Rxd5 g4 26. Qxe4 fxe4 27. Rxh5 Rfe8 28. Rg5+ Kf7 29. Rxg4 Rd2 30. Rf4+ Kg6 31. Rg4+ Kf5 32. Rf4+ Ke5 33. Rf7 Rxa2 34. Rxh7 Re6 35. h4 Kf5 36. Rh5+ Kg4 37. Kh2 Kxh5 0-1

[Event "Xtracon Open 2019"]
[Site "Helsingor"]
[Date "2019.07.25"]
[Round "7.2"]
[White "Praggnanandhaa R"]
[Black "Vocaturo, Daniele"]
[Result "1-0"]
[WhiteElo "2540"]
[BlackElo "2612"]
[Annotator "RC"]
[PlyCount "89"]
[EventDate "2019.07.19"]
[EventType "swiss"]
[EventCountry "DEN"]
[SourceTitle "playchess.com"]
[Source "ChessBase"]
[SourceQuality "1"]

1. e4 c5 2. Nf3 g6 3. d4 cxd4 4. Nxd4 Nc6 5. c4 Nf6 6. Nc3 d6 7. Be2 Nxd4 8. Qxd4 Bg7 9. Be3 O-O 10. Qd2 a5 11. f3 a4 12. Kf2 Qa5 13. Rac1 Be6 14. Nd5 Bxd5 15. Qxa5 Rxa5 16. cxd5 Nd7 17. Rc7 Nc5 18. Rb1 Bf6 19. b4 axb3 20. axb3 Ra2 21. b4 Na4 22. Rbc1 Rb2 23. Bh6 Bg7 24. Bxg7 Kxg7 25. Rxe7 Rxb4 26. Rcc7 g5 27. e5 dxe5 28. d6 Rd4 29. Bc4 Rxd6 30. Bxf7 Kf6 31. Bh5 Rc6 32. Rxb7 Nc5 33. Rf7+ Rxf7 34. Rxf7+ Ke6 35. Rxh7 Nd3+ 36. Ke3 Rc3 37. Rh6+ Ke7 38. Ke4 Nf4 39. g3 Nxh5 40. Rxh5 Kf6 41. Rh6+ Kf7 42. Rd6 Rc2 43. Kxe5 Rxh2 44. Kf5 Rh3 45. Kg4 1-0

[Event "Xtracon Open 2019"]
[Site "Helsingor"]
[Date "2019.07.25"]
[Round "7.2"]
[White "Fantinel, Thibault"]
[Black "Korobov, Anton"]
[Result "0-1"]
[WhiteElo "2374"]
[BlackElo "2687"]
[Annotator "TA"]
[PlyCount "72"]
[EventDate "2019.07.19"]
[EventType "swiss"]
[EventCountry "DEN"]
[SourceTitle "playchess.com"]
[Source "ChessBase"]
[SourceQuality "1"]

1. e4 c5 2. Nf3 d6 3. Bb5+ Bd7 4. c4 Nc6 5. Nc3 e6 6. d4 cxd4 7. Nxd4 Nf6 8. O-O Be7 9. Bxc6 bxc6 10. Nf3 Qc7 11. e5 dxe5 12. Qe2 e4 13. Nxe4 c5 14. Nc3 Bc6 15. Ne5 Bb7 16. Bg5 O-O 17. Nb5 Qa5 18. Ng4 Rfd8 19. Bxf6 Bxf6 20. Nxf6+ gxf6 21. Qg4+ Kf8 22. Qf4 Ke7 23. Rad1 Qb6 24. b3 a6 25. Nc3 Rd4 26. Qc1 Qd6 27. Ne2 Rg8 28. Ng3 Rg5 29. Rde1 Kf8 30. Qe3 h5 31. f4 Rg4 32. f5 e5 33. Qh6+ Ke7 34. Qxh5 Rd2 35. Rf2 Rxf2 36. Kxf2 Qd4+ 0-1

[Event "Xtracon Open 2019"]
[Site "Helsingor"]
[Date "2019.07.25"]
[Round "7.2"]
[White "Berg, Klaus"]
[Black "Crevatin, Leo"]
[Result "1/2-1/2"]
[WhiteElo "2295"]
[BlackElo "2146"]
[Annotator "NA"]
[PlyCount "48"]
[EventDate "2019.07.19"]
[EventType "swiss"]
[EventCountry "DEN"]
[SourceTitle "playchess.com"]
[Source "ChessBase"]
[SourceQuality "1"]

1. d4 d5 2. Nf3 Nf6 3. c4 c6 4. cxd5 cxd5 5. Nc3 Nc6 6. Bf4 Bf5 7. Qb3 Na5 8. Qa4+ Bd7 9. Qc2 e6 10. e3 Rc8 11. Bd3 Be7 12. O-O O-O 13. Ne5 b5 14. Qe2 b4 15. Nxd7 Nxd7 16. Na4 Nb6 17. Nxb6 Qxb6 18. Ba6 Rc6 19. Bb5 Rcc8 20. Rfc1 Bd6 21. Bxd6 Qxd6 22. Qf1 g6 23. g3 Kg7 24. Kg2 Rfd8 1/2-1/2

[Event "Xtracon Open 2019"]
[Site "Helsingor"]
[Date "2019.07.25"]
[Round "7.2"]
[White "Dauth, Benjamin"]
[Black "Meurman, Arne"]
[Result "1/2-1/2"]
[WhiteElo "2263"]
[BlackElo "2014"]
[Annotator "NA"]
[PlyCount "120"]
[EventDate "2019.07.19"]
[EventType "swiss"]
[EventCountry "DEN"]
[SourceTitle "playchess.com"]
[Source "ChessBase"]
[SourceQuality "1"]

1. e4 c5 2. c3 d5 3. exd5 Qxd5 4. d4 Nf6 5. Nf3 e6 6. Be3 cxd4 7. Bxd4 Be7 8. c4 Qd8 9. Nbd2 Nc6 10. Bc3 O-O 11. Be2 b6 12. O-O Qc7 13. Rc1 Bb7 14. Bd3 e5 15. Bb1 Bb4 16. Re1 Bxc3 17. Rxc3 Rae8 18. Ne4 Nxe4 19. Bxe4 h6 20. c5 b5 21. Qd6 Re7 22. Bxc6 Bxc6 23. Rxe5 Rd7 24. Qxc7 Rxc7 25. b4 Rd8 26. Rce3 Kf8 27. h4 f6 28. Re6 Kf7 29. a3 Bd5 30. Ra6 Bc6 31. Kf1 g5 32. hxg5 hxg5 33. Ke2 Bb7 34. Ra5 Rcd7 35. Ne1 Bd5 36. f3 f5 37. Kf2 Bc4 38. Kg1 Rc8 39. Ra6 Re8 40. Rxe8 Kxe8 41. f4 g4 42. Rd6 Rxd6 43. cxd6 Kd7 44. Kf2 Kxd6 45. Ke3 Bd5 46. Nc2 Bxg2 47. Nd4 Be4 48. Nxb5+ Kc6 49. Nxa7+ Kb6 50. Nc8+ Kc7 51. Ne7 Kd6 52. Ng6 g3 53. Ne5 Kc7 54. Nf3 g2 55. Ng1 Kb6 56. Ne2 Kb5 57. Kf2 Kc4 58. Ng3 Bd3 59. Nxf5 Bxf5 60. Kxg2 Bd7 1/2-1/2

[Event "Xtracon Open 2019"]
[Site "Helsingor"]
[Date "2019.07.25"]
[Round "7.2"]
[White "Jacobsen, Per Wurtz"]
[Black "Wheat, Bob"]
[Result "0-1"]
[WhiteElo "2016"]
[BlackElo "1702"]
[Annotator "NA"]
[PlyCount "84"]
[EventDate "2019.07.19"]
[EventType "swiss"]
[EventCountry "DEN"]
[SourceTitle "playchess.com"]
[Source "ChessBase"]
[SourceQuality "1"]

1. d4 f5 2. e3 Nf6 3. Bd3 g6 4. f4 Bg7 5. c3 d6 6. Nf3 O-O 7. O-O Qe8 8. Nbd2 Nbd7 9. Ng5 Nb6 10. Qb3+ e6 11. e4 fxe4 12. Ndxe4 Kh8 13. Bd2 Nxe4 14. Nxe4 Bd7 15. Qc2 Nd5 16. Rae1 Bh6 17. g3 Qe7 18. c4 Nf6 19. Bc3 d5 20. cxd5 Nxd5 21. Nc5 Nxc3 22. Qxc3 Bg7 23. Qc4 b5 24. Qb3 Bxd4+ 25. Kh1 Bxc5 26. Be4 Rae8 27. Qc3+ Kg8 28. h4 Bb6 29. Qe5 Qc5 30. Qg5 Qxg5 31. hxg5 Kg7 32. Rd1 Re7 33. Rf3 e5 34. Rfd3 Bf5 35. Bxf5 gxf5 36. fxe5 Rxe5 37. Rf1 Kg6 38. g4 Kxg5 39. gxf5 Rfxf5 40. Rfd1 Kh6 41. Rg3 Re2 42. Rh3+ Rh5 0-1

[Event "Xtracon Open 2019"]
[Site "Helsingor"]
[Date "2019.07.25"]
[Round "7.3"]
[White "Grandelius, Nils"]
[Black "Christiansen, Johan-Sebastian"]
[Result "1/2-1/2"]
[WhiteElo "2691"]
[BlackElo "2548"]
[Annotator "TA"]
[PlyCount "67"]
[EventDate "2019.07.19"]
[EventType "swiss"]
[EventCountry "DEN"]
[SourceTitle "playchess.com"]
[Source "ChessBase"]
[SourceQuality "1"]

1. d4 Nf6 2. c4 e6 3. Nc3 Bb4 4. Nf3 d5 5. Bd2 O-O 6. e3 b6 7. cxd5 exd5 8. Bd3 Bb7 9. O-O Nbd7 10. Rc1 a6 11. Ne5 Nxe5 12. dxe5 Bxc3 13. Bxc3 Ne4 14. Be1 Qe7 15. Qc2 c5 16. f3 c4 17. fxe4 cxd3 18. Qc7 Rfe8 19. Qxb6 Rac8 20. Bb4 Qd7 21. Qd4 Qb5 22. a4 Qxa4 23. exd5 Rxc1 24. Rxc1 Bxd5 25. Qxd5 Qxb4 26. Rf1 Qe7 27. Qxd3 Qxe5 28. Qxa6 Qxe3+ 29. Kh1 Qb3 30. Qa7 h5 31. h3 Re3 32. Qd4 Rxh3+ 33. gxh3 Qxh3+ 34. Kg1 1/2-1/2

[Event "Xtracon Open 2019"]
[Site "Helsingor"]
[Date "2019.07.25"]
[Round "7.3"]
[White "Hammer, Jon Ludvig"]
[Black "Tryggestad, Andreas Garberg"]
[Result "1-0"]
[WhiteElo "2637"]
[BlackElo "2336"]
[Annotator "TA"]
[PlyCount "71"]
[EventDate "2019.07.19"]
[EventType "swiss"]
[EventCountry "DEN"]
[SourceTitle "playchess.com"]
[Source "ChessBase"]
[SourceQuality "1"]

1. e4 c5 2. Nf3 e6 3. d4 cxd4 4. Nxd4 Nc6 5. Nc3 Qc7 6. Nxc6 bxc6 7. Qg4 Nf6 8. Qg3 d6 9. Be2 Be7 10. O-O O-O 11. Bh6 Ne8 12. Rad1 e5 13. Be3 Be6 14. f4 exf4 15. Bxf4 Qb6+ 16. Kh1 Rd8 17. b3 d5 18. exd5 cxd5 19. Be5 Qb7 20. Bd4 Bd6 21. Qf2 Bb8 22. Bd3 f5 23. Rde1 Qf7 24. Rxe6 Qxe6 25. Bxf5 Qxf5 26. Qxf5 Rxf5 27. Rxf5 Nc7 28. g3 Ne6 29. Bf2 d4 30. Ne4 Bc7 31. Kg2 Bb6 32. a4 d3 33. cxd3 Rxd3 34. Bxb6 axb6 35. Rb5 Re3 36. Re5 1-0

[Event "Xtracon Open 2019"]
[Site "Helsingor"]
[Date "2019.07.25"]
[Round "7.3"]
[White "Larsen, Karsten"]
[Black "Mansoor, Afras"]
[Result "1-0"]
[WhiteElo "2254"]
[BlackElo "1991"]
[Annotator "NA"]
[PlyCount "95"]
[EventDate "2019.07.19"]
[EventType "swiss"]
[EventCountry "DEN"]
[SourceTitle "playchess.com"]
[Source "ChessBase"]
[SourceQuality "1"]

1. e4 e5 2. Nf3 Nc6 3. Bc4 Nf6 4. Nc3 Bc5 5. d3 d6 6. h3 Be6 7. Bb3 h6 8. Be3 Bb6 9. d4 Bxb3 10. axb3 exd4 11. Nxd4 O-O 12. O-O Re8 13. Nxc6 bxc6 14. Qd3 Bxe3 15. Qxe3 d5 16. Ra4 Nxe4 17. Nxe4 Rxe4 18. Rxe4 dxe4 19. Qxe4 Qd5 20. Qxd5 cxd5 21. Ra1 a5 22. b4 a4 23. Ra3 Ra7 24. Kf1 Kf8 25. Ke2 Ke7 26. Kd3 Kd6 27. c3 c5 28. bxc5+ Kxc5 29. b3 Rb7 30. bxa4 Ra7 31. a5 Ra6 32. Ra2 f6 33. Ra3 g6 34. Ra2 f5 35. Ra3 g5 36. Ra2 h5 37. Ra3 h4 38. f3 Kd6 39. Kd4 Ke6 40. Kc5 Ke5 41. Ra4 Ra8 42. a6 Rc8+ 43. Kb6 Rxc3 44. a7 Rc8 45. a8=Q Rxa8 46. Rxa8 Kf4 47. Kc5 Kg3 48. Ra2 1-0

[Event "Xtracon Open 2019"]
[Site "Helsingor"]
[Date "2019.07.25"]
[Round "7.3"]
[White "Jorgensen, Dennis"]
[Black "Buchenau, Frank"]
[Result "1/2-1/2"]
[WhiteElo "2140"]
[BlackElo "2294"]
[Annotator "NA"]
[PlyCount "76"]
[EventDate "2019.07.19"]
[EventType "swiss"]
[EventCountry "DEN"]
[SourceTitle "playchess.com"]
[Source "ChessBase"]
[SourceQuality "1"]

1. d4 e6 2. c4 Nf6 3. Nc3 Bb4 4. e3 O-O 5. Bd3 c5 6. Nf3 Bxc3+ 7. bxc3 d6 8. O-O Nc6 9. e4 e5 10. d5 Ne7 11. Nh4 h6 12. h3 g5 13. Qf3 Kg7 14. Qe3 Bd7 15. g4 Rh8 16. Nf5+ Nxf5 17. exf5 Qa5 18. Bd2 b5 19. cxb5 c4 20. Be4 Bxb5 21. Rfb1 Ba6 22. Rb2 Rac8 23. Rab1 Rc5 24. Qf3 Nxe4 25. Qxe4 Rxd5 26. f6+ Kxf6 27. Qf5+ Kg7 28. Bxg5 hxg5 29. Qxg5+ Kh7 30. Qf5+ Kg7 31. Qg5+ Kh7 32. Qf5+ Kg7 33. Qg5+ Kh7 34. Qf5+ Kg7 35. Qg5+ Kh7 36. Rb8 Rd1+ 37. Kh2 Rd5 38. Kg1 Bc8 1/2-1/2

[Event "Xtracon Open 2019"]
[Site "Helsingor"]
[Date "2019.07.25"]
[Round "7.3"]
[White "Linderod, Lars Erik"]
[Black "Soraas, Torben"]
[Result "0-1"]
[WhiteElo "1961"]
[BlackElo "2266"]
[Annotator "NA"]
[PlyCount "72"]
[EventDate "2019.07.19"]
[EventType "swiss"]
[EventCountry "DEN"]
[SourceTitle "playchess.com"]
[Source "ChessBase"]
[SourceQuality "1"]

1. f4 c5 2. Nf3 Nc6 3. e4 g6 4. d3 Bg7 5. c3 d5 6. Qc2 e6 7. Be2 Nge7 8. O-O O-O 9. Be3 d4 10. Bf2 e5 11. cxd4 Nxd4 12. Nxd4 cxd4 13. fxe5 Nc6 14. Nd2 Be6 15. Nf3 Bxe5 16. Nxe5 Nxe5 17. Qc5 Nc6 18. Bg3 Rc8 19. Bd6 Re8 20. Bf4 Na5 21. Qb4 b6 22. Qd2 f6 23. h4 Qe7 24. e5 Bd5 25. Bg4 f5 26. Bf3 Bxf3 27. Rxf3 Nc6 28. Re1 Nd8 29. h5 Ne6 30. hxg6 hxg6 31. Rg3 Kf7 32. Kf2 Qh4 33. Kf3 Rc2 34. Rh1 Qxh1 35. Qxc2 Qh5+ 36. Kf2 Nxf4 0-1

[Event "Xtracon Open 2019"]
[Site "Helsingor"]
[Date "2019.07.25"]
[Round "7.4"]
[White "Sevian, Samuel"]
[Black "Hauge, Lars Oskar"]
[Result "1-0"]
[WhiteElo "2667"]
[BlackElo "2476"]
[Annotator "TA"]
[PlyCount "131"]
[EventDate "2019.07.19"]
[EventType "swiss"]
[EventCountry "DEN"]
[SourceTitle "playchess.com"]
[Source "ChessBase"]
[SourceQuality "1"]

1. e4 e5 2. Nf3 Nc6 3. Bc4 Nf6 4. d3 Bc5 5. c3 d6 6. O-O a6 7. a4 h6 8. Re1 Ba7 9. b4 O-O 10. h3 Ne7 11. Nbd2 Ng6 12. d4 exd4 13. cxd4 d5 14. exd5 Nxd5 15. Qb3 Be6 16. Ne4 Ndf4 17. Bxf4 Nxf4 18. Bxe6 fxe6 19. Nc5 Bxc5 20. bxc5 b5 21. cxb6 cxb6 22. Re3 b5 23. axb5 axb5 24. Rae1 Rb8 25. Kh2 Qd5 26. Qxd5 exd5 27. Ne5 Rb7 28. Nc6 Nh5 29. Re5 Nf6 30. Rb1 Kf7 31. Nb4 Rd8 32. Rc1 Rdd7 33. Rc5 Rd8 34. f3 Ra8 35. Re3 Ra1 36. Nc6 Kg8 37. Nd8 Rb8 38. Nc6 Rb7 39. Rb3 Ra2 40. Rbxb5 Rxb5 41. Rxb5 Rd2 42. Rb4 Kh7 43. Ne7 Re2 44. Rb7 Rd2 45. Nf5 Nh5 46. Kg1 Kg6 47. g4 Kf6 48. h4 Nf4 49. Rb6+ Kf7 50. Rb7+ Kf6 51. Nxg7 Nh3+ 52. Kf1 Rf2+ 53. Ke1 Rxf3 54. Nh5+ Ke6 55. Rb6+ Ke7 56. Rxh6 Nf4 57. g5 Nxh5 58. Rxh5 Rf4 59. Rh7+ Kf8 60. h5 Rxd4 61. Kf2 Rg4 62. g6 Kg8 63. Kf3 Rg1 64. Kf4 d4 65. Rd7 Kf8 66. Kf5 1-0

[Event "Xtracon Open 2019"]
[Site "Helsingor"]
[Date "2019.07.25"]
[Round "7.4"]
[White "Vestby-Ellingsen, Mads"]
[Black "Moiseenko, Alexander"]
[Result "0-1"]
[WhiteElo "2335"]
[BlackElo "2628"]
[Annotator "TA"]
[PlyCount "142"]
[EventDate "2019.07.19"]
[EventType "swiss"]
[EventCountry "DEN"]
[SourceTitle "playchess.com"]
[Source "ChessBase"]
[SourceQuality "1"]

1. d4 Nf6 2. c4 e6 3. Nf3 Bb4+ 4. Bd2 c5 5. Bxb4 cxb4 6. g3 O-O 7. Bg2 d6 8. O-O Nc6 9. a3 Re8 10. axb4 Nxb4 11. e4 a5 12. Nc3 Qe7 13. e5 dxe5 14. dxe5 Nd7 15. Qe2 Nc5 16. Nd4 Bd7 17. Rfd1 Red8 18. h4 h6 19. Ncb5 Bxb5 20. Nxb5 Rxd1+ 21. Rxd1 Rd8 22. Nd6 b6 23. f4 Qd7 24. Kh2 Qa4 25. Rf1 Qc2 26. Qh5 Qg6 27. Qxg6 fxg6 28. Rd1 Kf8 29. Rd2 Ke7 30. Kg1 g5 31. hxg5 hxg5 32. Bf1 Nb7 33. Ne4 Rxd2 34. Nxd2 gxf4 35. gxf4 Nc5 36. Kg2 Nbd3 37. Bxd3 Nxd3 38. b3 Nxf4+ 39. Kf3 Nd3 40. Ke4 Nc5+ 41. Kf4 Kd7 42. Kg5 Kc6 43. Kg6 Nd3 44. Kxg7 Nxe5 45. Kf6 Nd3 46. Kxe6 Nc1 47. Nf3 Nxb3 48. Ne5+ Kc5 49. Nd7+ Kxc4 50. Nxb6+ Kc5 51. Na4+ Kb4 52. Nb6 Nd2 53. Nd5+ Kb3 54. Nb6 Nc4 55. Nd7 Kb4 56. Kd5 a4 57. Nc5 a3 58. Nd3+ Kc3 59. Nc1 Nd2 60. Na2+ Kb3 61. Nc1+ Kb2 62. Nd3+ Kc3 63. Nc1 Kc2 64. Na2 Kb2 65. Nb4 Kb3 66. Nd3 Nf3 67. Nc1+ Kb2 68. Nd3+ Kc3 69. Nc1 Ne1 70. Na2+ Kb3 71. Nc1+ Kb2 0-1

[Event "Xtracon Open 2019"]
[Site "Helsingor"]
[Date "2019.07.25"]
[Round "7.4"]
[White "Mardell, Jimmy"]
[Black "Buchal, Stephan"]
[Result "0-1"]
[WhiteElo "2134"]
[BlackElo "2260"]
[Annotator "NA"]
[PlyCount "56"]
[EventDate "2019.07.19"]
[EventType "swiss"]
[EventCountry "DEN"]
[SourceTitle "playchess.com"]
[Source "ChessBase"]
[SourceQuality "1"]

1. e4 g6 2. d4 Bg7 3. Nc3 d6 4. f4 a6 5. Nf3 b5 6. Bd3 Nd7 7. e5 c5 8. Be4 Rb8 9. Be3 b4 10. Ne2 Qc7 11. c3 Nh6 12. O-O O-O 13. Qe1 Bb7 14. Ng5 Bxe4 15. Nxe4 cxd4 16. cxd4 Qc2 17. N2g3 Qxb2 18. Rf2 Qa3 19. Rc2 Nb6 20. Nd2 Rfc8 21. Rac1 Rxc2 22. Rxc2 Qd3 23. Rc6 Nd5 24. Nc4 Nxe3 25. Qxe3 Qb1+ 26. Nf1 Qxa2 27. exd6 exd6 28. Nb6 Nf5 0-1

[Event "Xtracon Open 2019"]
[Site "Helsingor"]
[Date "2019.07.25"]
[Round "7.4"]
[White "Sidali, Elias Hulleberg"]
[Black "Bach, Matthias"]
[Result "0-1"]
[WhiteElo "2041"]
[BlackElo "2241"]
[Annotator "NA"]
[PlyCount "40"]
[EventDate "2019.07.19"]
[EventType "swiss"]
[EventCountry "DEN"]
[SourceTitle "playchess.com"]
[Source "ChessBase"]
[SourceQuality "1"]

1. e4 c5 2. Nf3 d6 3. d4 cxd4 4. Nxd4 Nf6 5. Nc3 a6 6. h3 b5 7. Nd5 Bb7 8. Nxf6+ gxf6 9. c4 e5 10. Nf5 Bxe4 11. Qg4 Bc6 12. Ng7+ Bxg7 13. Qxg7 Ke7 14. Bh6 Qg8 15. Qg4 Qg6 16. Qh4 bxc4 17. Bxc4 Nd7 18. O-O-O Rhc8 19. Kd2 Bb5 20. Rc1 Bxc4 0-1

[Event "Xtracon Open 2019"]
[Site "Helsingor"]
[Date "2019.07.25"]
[Round "7.4"]
[White "Hempler, Poul"]
[Black "Sandbech, Ted Henrik"]
[Result "1-0"]
[WhiteElo "1856"]
[BlackElo "1687"]
[Annotator "NA"]
[PlyCount "99"]
[EventDate "2019.07.19"]
[EventType "swiss"]
[EventCountry "DEN"]
[SourceTitle "playchess.com"]
[Source "ChessBase"]
[SourceQuality "1"]

1. e4 d5 2. exd5 Qxd5 3. Nc3 Qd8 4. Nf3 Bg4 5. d4 c6 6. Bc4 e6 7. Be3 Nf6 8. O-O Be7 9. h3 Bh5 10. Be2 Nbd7 11. Ne5 Bxe2 12. Qxe2 O-O 13. Rfd1 Nd5 14. Nxd5 exd5 15. c4 dxc4 16. Rac1 Nb6 17. Nxc4 Nxc4 18. Qxc4 Bg5 19. Bxg5 Qxg5 20. d5 cxd5 21. Rxd5 Qf6 22. Rb5 b6 23. Qc7 Qe6 24. a3 Rfc8 25. Qf4 Rxc1+ 26. Qxc1 Rc8 27. Qd2 h6 28. Rd5 Qc6 29. Rd7 Qc1+ 30. Kh2 Qxd2 31. Rxd2 Rc7 32. g4 g5 33. Kg3 Kg7 34. f4 f6 35. Rd3 Re7 36. h4 Kg6 37. b4 Rc7 38. h5+ Kg7 39. Kf3 Re7 40. Re3 Kf7 41. Rxe7+ Kxe7 42. fxg5 fxg5 43. Ke4 Ke6 44. b5 Kd6 45. Kf5 Kc5 46. Kg6 Kxb5 47. Kxh6 Ka4 48. Kxg5 Kxa3 49. h6 b5 50. h7 1-0

[Event "Xtracon Open 2019"]
[Site "Helsingor"]
[Date "2019.07.25"]
[Round "7.5"]
[White "Hjartarson, Johann"]
[Black "Tari, Aryan"]
[Result "0-1"]
[WhiteElo "2513"]
[BlackElo "2620"]
[Annotator "TA"]
[PlyCount "64"]
[EventDate "2019.07.19"]
[EventType "swiss"]
[EventCountry "DEN"]
[SourceTitle "playchess.com"]
[Source "ChessBase"]
[SourceQuality "1"]

1. e4 c5 2. Nf3 d6 3. d4 cxd4 4. Nxd4 Nf6 5. Nc3 a6 6. f4 e5 7. Nf3 Qc7 8. Bd3 Nbd7 9. O-O Be7 10. Qe2 O-O 11. Kh1 b5 12. fxe5 dxe5 13. Nh4 g6 14. Bh6 Re8 15. Qf3 Bb7 16. Nf5 Bf8 17. Bxf8 Rxf8 18. Ne3 b4 19. Ne2 Nh5 20. g4 Ng7 21. Nd5 Bxd5 22. exd5 f5 23. gxf5 gxf5 24. Qg2 Kh8 25. Rg1 Rg8 26. c3 e4 27. Bc2 Nf6 28. Rad1 Ng4 29. Bb3 Qd6 30. Rd4 Nh5 31. h3 Ne5 32. Qf2 Rxg1+ 0-1

[Event "Xtracon Open 2019"]
[Site "Helsingor"]
[Date "2019.07.25"]
[Round "7.5"]
[White "Hobber, Anders"]
[Black "Lysyj, Igor"]
[Result "1/2-1/2"]
[WhiteElo "2294"]
[BlackElo "2623"]
[Annotator "TA"]
[PlyCount "90"]
[EventDate "2019.07.19"]
[EventType "swiss"]
[EventCountry "DEN"]
[SourceTitle "playchess.com"]
[Source "ChessBase"]
[SourceQuality "1"]

1. Nf3 Nf6 2. b3 e6 3. Bb2 b6 4. e3 Bb7 5. c4 g6 6. Nc3 Bg7 7. Be2 O-O 8. O-O d5 9. d4 Nbd7 10. Rc1 dxc4 11. Bxc4 a6 12. Be2 Qb8 13. Na4 Rc8 14. Nd2 Qa7 15. Bf3 Nd5 16. Nc3 N7f6 17. Nxd5 Nxd5 18. Nc4 Rd8 19. Qe2 a5 20. a4 Rac8 21. Rfd1 Ba6 22. Qc2 c6 23. Ba3 Qb8 24. Be2 Nb4 25. Bxb4 axb4 26. a5 Bxc4 27. Qxc4 bxa5 28. Qa6 c5 29. Rxc5 Rxc5 30. dxc5 Rxd1+ 31. Bxd1 Be5 32. g3 Qd8 33. Bf3 Kg7 34. c6 Bc7 35. Kg2 g5 36. Qc4 Bb6 37. h3 h6 38. Kf1 Qd6 39. Qb5 Bc7 40. Kg2 f5 41. Qb7 Qd8 42. Qb5 Kf6 43. Qc5 Qd6 44. Qxd6 Bxd6 45. Be2 e5 1/2-1/2

[Event "Xtracon Open 2019"]
[Site "Helsingor"]
[Date "2019.07.25"]
[Round "7.5"]
[White "Jogstad, Martin"]
[Black "Holm, Ragnar"]
[Result "1-0"]
[WhiteElo "2259"]
[BlackElo "2142"]
[Annotator "NA"]
[PlyCount "52"]
[EventDate "2019.07.19"]
[EventType "swiss"]
[EventCountry "DEN"]
[SourceTitle "playchess.com"]
[Source "ChessBase"]
[SourceQuality "1"]

1. d4 d5 2. c4 e6 3. Nf3 Nf6 4. g3 Be7 5. Bg2 O-O 6. O-O dxc4 7. Ne5 Nc6 8. Nxc6 bxc6 9. Na3 Bxa3 10. bxa3 Rb8 11. Qd2 Ba6 12. Qa5 Rb6 13. a4 Qd6 14. e4 Qb4 15. Qxb4 Rxb4 16. Ba3 c5 17. Bxb4 cxb4 18. Rab1 Rb8 19. Rfc1 h5 20. f3 e5 21. Bf1 exd4 22. Bxc4 Bxc4 23. Rxc4 c5 24. Rxc5 Nd7 25. Rxh5 f6 26. Rb5 Ra8 1-0

[Event "Xtracon Open 2019"]
[Site "Helsingor"]
[Date "2019.07.25"]
[Round "7.5"]
[White "Jorgensen, Brian Jorgen"]
[Black "Green, Per"]
[Result "1-0"]
[WhiteElo "2251"]
[BlackElo "1959"]
[Annotator "NA"]
[PlyCount "111"]
[EventDate "2019.07.19"]
[EventType "swiss"]
[EventCountry "DEN"]
[SourceTitle "playchess.com"]
[Source "ChessBase"]
[SourceQuality "1"]

1. e4 c5 2. Nf3 e6 3. d3 Nc6 4. g3 Nf6 5. Bg2 d6 6. O-O Be7 7. Nbd2 Qc7 8. c3 O-O 9. Re1 b6 10. Nf1 Bb7 11. h3 b5 12. g4 a5 13. Ng3 Ne5 14. g5 Nxf3+ 15. Qxf3 Nd7 16. Qe2 Rfe8 17. h4 d5 18. e5 d4 19. Bxb7 Qxb7 20. h5 Rac8 21. g6 fxg6 22. hxg6 hxg6 23. Qg4 Nf8 24. cxd4 cxd4 25. Ne4 Rc2 26. b3 Bb4 27. Rf1 Qf7 28. a3 Be7 29. Ng3 Rd8 30. Qd1 Rdc8 31. Bd2 Bd8 32. f4 Qb7 33. Ne4 Qd5 34. Rb1 Ra2 35. Rf2 Rcc2 36. a4 Rab2 37. Be1 Rxf2 38. Bxf2 Rxb1 39. Qxb1 Bb6 40. Qc2 Qd7 41. axb5 Qxb5 42. Kg2 Qd5 43. Kf1 Qd7 44. Ke2 g5 45. Nxg5 Ng6 46. Kf3 Ne7 47. Qc4 Qd5+ 48. Ne4 Nf5 49. Qc8+ Kh7 50. Qe8 Ne3 51. Bxe3 dxe3 52. Qxe6 Qxe6 53. Ng5+ Kg6 54. Nxe6 Kf7 55. f5 Kg8 56. d4 1-0

[Event "Xtracon Open 2019"]
[Site "Helsingor"]
[Date "2019.07.25"]
[Round "7.5"]
[White "Johnsen, Oystein"]
[Black "Matthiesen, Martin"]
[Result "0-1"]
[WhiteElo "1994"]
[BlackElo "2239"]
[Annotator "NA"]
[PlyCount "70"]
[EventDate "2019.07.19"]
[EventType "swiss"]
[EventCountry "DEN"]
[SourceTitle "playchess.com"]
[Source "ChessBase"]
[SourceQuality "1"]

1. d4 Nf6 2. Nf3 d5 3. Bf4 c5 4. e3 Nc6 5. c3 Qb6 6. dxc5 Qxb2 7. Nbd2 Qxc3 8. Rc1 Qa5 9. Be2 Ne4 10. Qb3 e6 11. Qb2 Be7 12. Bb5 O-O 13. Bxc6 bxc6 14. O-O Bf6 15. Qc2 Nxd2 16. Nxd2 e5 17. Bg3 Ba6 18. Rfe1 Rab8 19. Nb3 Qa4 20. f3 g6 21. Rb1 Rb4 22. Qd2 Bc4 23. Na5 Rb5 24. Nxc4 Qxc4 25. Rbc1 Qa4 26. f4 exf4 27. Bxf4 Rb2 28. Qd1 Rxa2 29. Qf3 Re8 30. Rf1 Qe4 31. Qg3 a5 32. Rf3 Ra1 33. Rcf1 Rxf1+ 34. Rxf1 a4 35. Qf2 Bg7 0-1

[Event "Xtracon Open 2019"]
[Site "Helsingor"]
[Date "2019.07.25"]
[Round "7.6"]
[White "Svane, Rasmus"]
[Black "Bharath Subramaniyam H"]
[Result "0-1"]
[WhiteElo "2615"]
[BlackElo "2405"]
[Annotator "TA"]
[PlyCount "80"]
[EventDate "2019.07.19"]
[EventType "swiss"]
[EventCountry "DEN"]
[SourceTitle "playchess.com"]
[Source "ChessBase"]
[SourceQuality "1"]

1. d4 Nf6 2. c4 e6 3. Nf3 c5 4. d5 exd5 5. cxd5 d6 6. Nc3 g6 7. e4 Bg7 8. Be2 O-O 9. Be3 Bg4 10. Nd2 Bxe2 11. Qxe2 Nbd7 12. O-O a6 13. a4 Qe7 14. Bg5 Rfe8 15. f4 Rab8 16. Rae1 Qf8 17. Qf3 b5 18. Qh3 b4 19. Nd1 Rb7 20. b3 h6 21. Bh4 c4 22. bxc4 Nc5 23. e5 Nh7 24. f5 g5 25. f6 gxh4 26. Ne3 Bh8 27. Qxh4 Rxe5 28. Ng4 Rxe1 29. Rxe1 h5 30. Nf3 Nd7 31. Qg3 hxg4 32. Qxg4+ Bg7 33. Re8 Nhxf6 34. Rxf8+ Kxf8 35. Qf4 Ne5 36. Nxe5 dxe5 37. Qxe5 b3 38. Qd6+ Kg8 39. Qxa6 Rb8 40. Qd6 Nd7 0-1

[Event "Xtracon Open 2019"]
[Site "Helsingor"]
[Date "2019.07.25"]
[Round "7.6"]
[White "Tomilova, Elena"]
[Black "Bjerre, Jonas Buhl"]
[Result "0-1"]
[WhiteElo "2281"]
[BlackElo "2503"]
[Annotator "ChessBase"]
[PlyCount "78"]
[EventDate "2019.07.19"]
[EventType "swiss"]
[EventCountry "DEN"]
[SourceTitle "playchess.com"]
[Source "ChessBase"]
[SourceQuality "1"]

1. d4 Nf6 2. Nf3 d5 3. Bf4 e6 4. e3 Bd6 5. Bg3 O-O 6. Bd3 b6 7. Qe2 Bb7 8. Nbd2 c5 9. c3 Nc6 10. Rd1 Re8 11. e4 Be7 12. e5 Nh5 13. a3 a5 14. h4 Nxg3 15. fxg3 h6 16. g4 cxd4 17. cxd4 f6 18. Nf1 fxe5 19. dxe5 Rf8 20. g5 Qc7 21. N1h2 Bc5 22. gxh6 gxh6 23. Ng4 Qg7 24. Nf6+ Kh8 25. Rh3 Nxe5 26. Nh5 Nxf3+ 27. Rxf3 Qd4 28. Bf5 Ba6 29. Qxe6 Qxh4+ 30. Kd2 Qg5+ 31. Kc2 Rae8 32. Qg6 Re2+ 33. Kb1 Qxg6 34. Bxg6 Rxg2 35. Nf4 Rg4 36. Rxd5 Rgxf4 37. Rh3 Rf1+ 38. Kc2 R8f2+ 39. Kb3 Rf3+ 0-1